-
BEAIE , Jr. JHON M AND BLOCK JHON H
Entry Personal Name
Number of records used in: 2
001 - CONTROL NUMBER
003 - CONTROL NUMBER IDENTIFIER
005 - DATE AND TIME OF LATEST TRANSACTION
- control field:
20221220101944.0
008 - FIXED-LENGTH DATA ELEMENTS
- fixed length control field:
221220|| aca||aabn | a|a d
040 ## - CATALOGING SOURCE
- Original cataloging agency:
OSt
- Transcribing agency:
OSt
100 ## - HEADING--PERSONAL NAME
- Personal name:
BEAIE , Jr. JHON M AND BLOCK JHON H
670 ## - SOURCE DATA FOUND
- Source citation:
Work cat.: (OSt)8140: BEAIE , Jr. JHON M AND BLOCK JHON H., WILSON AND GISVOID'S TEXT BOOK OF ORGANIC MEDICINAL AND PHARMACEUTICAL CHEMISTRY , 2004